Chicago Bears starting offense - Statistics

General Stats
  • This quiz has been taken 102 times
    37 since last reset
  • The average score is 10 of 11
Answer Stats
Hint Answer % Correct
WR1 DJ Moore
100%
WR2 Rome Odunze
100%
QB Caleb Williams
96%
TE Cole Kmet
96%
RB D’ Andre Swift
96%
WR3 Luther Burden
96%
RT Darnell Wright
84%
LG Joe Thuney
84%
C Drew Dalman
80%
RG Jonah Jackson
80%
LT Braxton Jones
68%
No matching quizzes found
Score Distribution
Percent of People with Each Score
Percentile by Number Answered
Your Score History
You have not taken this quiz since the last reset